[Event "World Blitz 2016"]
[Site "Doha QAT"]
[Date "2016.12.30"]
[Round "17.26"]
[White "Li, Chao b"]
[Black "Henriquez Villagra, Cristobal"]
[Result "1-0"]
[WhiteTitle "GM"]
[BlackTitle "IM"]
[WhiteElo "2720"]
[BlackElo "2517"]
[WhiteFideId "8604436"]
[BlackFideId "3409350"]
[EventDate "2016.12.29"]

1. d4 Nf6 2. c4 e6 3. g3 Bb4+ 4. Bd2 Qe7 5. Bg2 Nc6 6. Nf3 Bxd2+ 7. Nbxd2 d6 8.
O-O a5 9. e4 e5 10. d5 Nb8 11. Ne1 O-O 12. Nd3 Bg4 13. Qc2 Be2 14. Rfe1 Bxd3 15.
Qxd3 c6 16. h3 Nbd7 17. b3 cxd5 18. exd5 Qd8 19. g4 h6 20. Qe3 Qb6 21. a3 Rac8
22. Rab1 Qxe3 23. fxe3 Rc7 24. b4 Ra8 25. c5 axb4 26. axb4 Ra2 27. Nc4 dxc5 28.
d6 Rc8 29. Bxb7 Rb8 30. bxc5 Nxc5 31. Bc6 Rd8 32. Ra1 Rxa1 33. Rxa1 Nce4 34. d7
Nc5 35. Nxe5 Kf8 36. Bb5 Ne6 37. Rc1 Ke7 38. Nc6+ Kxd7 39. Nxd8+ Kxd8 40. Kf2
Ke7 41. Bc6 Nh7 42. Bg2 Nhf8 43. Ra1 Nd7 44. Ra7 Kd6 45. Be4 Ne5 46. Kg3 Nc5 47.
Bc2 g6 48. h4 Ke6 49. Ra5 Kd6 50. Ra8 Ke7 51. Kf4 Ned7 52. Ra7 Kf6 53. g5+ hxg5+
54. hxg5+ Kg7 55. Bb3 Nxb3 56. Rxd7 Nc5 57. Ra7 Ne6+ 58. Kg4 Nc5 59. Ra5 Ne6 60.
Kf3 Nf8 61. Ke4 Ne6 62. Rd5 Kf8 63. Ra5 Ke7 64. Rd5 Ng7 65. Kd4 Ne6+ 66. Kc4 Ng7
67. Re5+ Kd6 68. Ra5 Ke6 69. Kd4 Nf5+ 70. Ke4 Nd6+ 71. Kf4 Nc8 72. Ra6+ Nd6 73.
e4 Ke7 74. Ke5 Nc4+ 75. Kd5 Ne3+ 76. Kd4 Nc2+ 77. Ke5 Ne3 78. Ra7+ Kf8 79. Kd4
Nc2+ 80. Kc3 Ne3 81. Kd3 Ng4 82. Kd4 Nf2 83. Ra2 Nh3 84. Rg2 Nf4 85. Rg4 Ne6+
86. Ke5 Ke7 87. Kd5 Nc7+ 88. Kc4 Ne6 89. Kd3 Kd6 90. Rg1 Ke5 91. Ke3 Kd6 92.
Rd1+ Ke7 93. Rd5 Nc7 94. Ra5 Ne6 95. Kd3 Nf4+ 96. Kd4 Ne6+ 97. Kc4 Kd6 98. Rd5+
Ke7 99. Kb4 Nf4 100. Ra5 Ke6 101. Kc5 Ke5 102. Kc6+ Kxe4 103. Kd6 Nh3 104. Ke7
Kf4 105. Kf6 Kg4 106. Ra4+ Kh5 107. Rd4 Nf2 108. Rf4 Ng4+ 109. Kxf7 Kxg5 110.
Rf1 Nh6+ 111. Ke6 Nf5 112. Rg1+ Kh5 113. Kf6 Nh4 114. Rg3 Kh6 115. Rg5 Kh7 116.
Rg4 Nf5 117. Rxg6 Nh6 118. Rg7+ Kh8 119. Kg6 Ng4 120. Re7 1-0

[Event "World Blitz 2016"]
[Site "Doha QAT"]
[Date "2016.12.30"]
[Round "17.28"]
[White "Maghsoodloo, Parham"]
[Black "Mareco, Sandro"]
[Result "1/2-1/2"]
[WhiteTitle "GM"]
[BlackTitle "GM"]
[WhiteElo "2584"]
[BlackElo "2635"]
[WhiteFideId "12539929"]
[BlackFideId "112275"]
[EventDate "2016.12.29"]

1. Nf3 Nf6 2. g3 d5 3. Bg2 c6 4. O-O Bf5 5. d3 e6 6. c4 dxc4 7. dxc4 Nbd7 8. Nc3
e5 9. b3 Be7 10. Bb2 O-O 11. Nh4 Be6 12. Qc2 Re8 13. Rfd1 Qc7 14. Rd2 Bf8 15.
Rad1 g6 16. Nf3 Bh6 17. e3 Bf5 18. Qc1 Nc5 19. Ba3 Nce4 20. Nxe4 Nxe4 21. Re2
Qa5 22. Bb2 Bg4 23. h3 Bxf3 24. Bxf3 Ng5 25. Bg2 e4 26. Red2 Bg7 27. Bxg7 Kxg7
28. Qb2+ Kg8 29. Qf6 h6 30. Rd7 Rf8 31. h4 Nh7 32. Qf4 Qxa2 33. Bxe4 h5 34. Bxg6
fxg6 35. Qh6 Qxf2+ 36. Kh1 Qf3+ 37. Kh2 Qf2+ 38. Kh1 Qf3+ 39. Kh2 Qf2+ 1/2-1/2

[Event "World Blitz 2016"]
[Site "Doha QAT"]
[Date "2016.12.30"]
[Round "17.29"]
[White "Perez Ponsa, Federico"]
[Black "Pichot, Alan"]
[Result "1/2-1/2"]
[WhiteTitle "GM"]
[BlackTitle "GM"]
[WhiteElo "2585"]
[BlackElo "2544"]
[WhiteFideId "117927"]
[BlackFideId "110973"]
[EventDate "2016.12.29"]

1. d4 Nf6 2. Nf3 g6 3. Bf4 d6 4. h3 Bg7 5. e3 O-O 6. Be2 b6 7. O-O Bb7 8. Bh2
Nbd7 9. c3 c5 10. a4 a6 11. Nbd2 Qc7 12. Bd3 Rfd8 13. Qe2 e5 14. dxe5 dxe5 15.
Nc4 Re8 16. Rfd1 b5 17. axb5 axb5 18. Rxa8 Bxa8 19. Na3 c4 20. Bb1 Bc6 21. Nc2
Nc5 22. Nb4 Bb7 23. Qd2 Bf8 24. Bc2 Nfe4 25. Qe2 f6 26. Nd2 Rd8 27. Nxe4 Nxe4
28. f3 Nc5 29. Bg3 Bc8 30. Nd5 Qf7 31. Nb4 Be7 32. Bf2 Be6 33. e4 Na4 34. Bxa4
bxa4 35. Rxd8+ Bxd8 36. Qd1 Qd7 37. Qxd7 Bxd7 38. Bc5 Kf7 39. Kf2 f5 40. Nc2 Bg5
41. Be3 Bh4+ 42. Ke2 fxe4 43. fxe4 Bc6 44. Kf3 Bb7 45. Na3 Ba6 46. Bf2 Be7 47.
Nc2 Ke6 48. Be3 Bb7 49. Na3 Ba6 50. Nc2 Kd7 51. Bf2 Kc6 52. Bg3 Kd6 53. Nb4 Bb7
54. Nc2 Ke6 55. Ne3 Ba6 56. Nd5 Bd6 57. Bh4 Bb7 58. Nb6 Bc5 59. Nxa4 Ba7 60. Bf2
Bxe4+ 61. Kxe4 Bxf2 62. Kf3 Ba7 63. Ke4 Bg1 64. Kf3 h5 65. g4 hxg4+ 66. hxg4 Kd7
67. Ke4 Kd6 68. b3 cxb3 69. Nb2 Bc5 70. Nc4+ Ke6 71. Nd2 b2 72. Kd3 Kd5 73. c4+
Ke6 74. Kc2 Bd4 75. Ne4 Kd7 76. Nd2 Kc6 77. Nb3 Kb6 78. g5 Be3 79. Kxb2 Bxg5 80.
Kc3 Kc6 81. Kd3 Kd6 82. Ke4 Be7 83. Nc1 Ke6 84. Nd3 Bd6 85. Nf2 g5 86. Ng4 Bc7
87. Ne3 Bd6 1/2-1/2

[Event "World Blitz 2016"]
[Site "Doha QAT"]
[Date "2016.12.30"]
[Round "17.30"]
[White "Ganguly, Surya Shekhar"]
[Black "Volokitin, Andrei"]
[Result "0-1"]
[WhiteTitle "GM"]
[BlackTitle "GM"]
[WhiteElo "2668"]
[BlackElo "2649"]
[WhiteFideId "5002150"]
[BlackFideId "14107090"]
[EventDate "2016.12.29"]

1. e4 e5 2. Nf3 Nc6 3. Bc4 Bc5 4. O-O Nf6 5. d3 O-O 6. h3 h6 7. c3 d6 8. Re1 a6
9. Bb3 Be6 10. Nbd2 Bxb3 11. Qxb3 Qd7 12. Nf1 Rfe8 13. Be3 Bxe3 14. Nxe3 b5 15.
Nh2 Ne7 16. Nhg4 Nxg4 17. hxg4 c6 18. a4 d5 19. Nf5 Nxf5 20. gxf5 Rab8 21. axb5
Rxb5 22. Qc2 a5 23. d4 exd4 24. e5 dxc3 25. bxc3 d4 26. cxd4 Qxd4 27. Ra4 Rb4
28. Rxa5 Rb2 29. Qc5 Qf4 30. f6 Rxe5 31. Ra8+ Kh7 32. Rh8+ 0-1

[Event "World Blitz 2016"]
[Site "Doha QAT"]
[Date "2016.12.30"]
[Round "17.31"]
[White "Grandelius, Nils"]
[Black "Bologan, Victor"]
[Result "1-0"]
[WhiteTitle "GM"]
[BlackTitle "GM"]
[WhiteElo "2643"]
[BlackElo "2640"]
[WhiteFideId "1710400"]
[BlackFideId "13900048"]
[EventDate "2016.12.29"]

1. d4 Nf6 2. Nc3 d5 3. Bf4 c6 4. e3 Bf5 5. f3 e6 6. g4 Bg6 7. h4 h5 8. g5 Nfd7
9. Bd3 Bxd3 10. Qxd3 g6 11. Nge2 Bg7 12. Bd6 Nb6 13. Bc5 N8d7 14. Bd6 Nc4 15.
Ba3 Qa5 16. O-O Nxa3 17. bxa3 Qxa3 18. Rfb1 b5 19. Nf4 Qd6 20. a4 e5 21. axb5
exf4 22. bxc6 Qxc6 23. Ra6 Qc4 24. Qxc4 dxc4 25. Rb7 Nb8 26. Rd6 O-O 27. Nd5
fxe3 28. Nc7 Nc6 29. Rxc6 Bxd4 30. Kf1 Rab8 31. Rxb8 Rxb8 32. Rxc4 Rc8 33. Rxd4
Rxc7 34. Ke2 Rxc2+ 35. Kxe3 Ra2 36. Rd8+ Kg7 37. Rd7 a5 38. Ra7 a4 39. Kf4 a3
40. Ra8 f5 41. Ra7+ Kf8 42. Ke5 Rb2 43. Rxa3 Rb6 44. Ra7 Kg8 45. Re7 f4 46. Re6
Rb3 47. Rxg6+ Kh7 48. Rh6+ Kg7 49. Kxf4 1-0

[Event "World Blitz 2016"]
[Site "Doha QAT"]
[Date "2016.12.30"]
[Round "17.32"]
[White "Flores, Diego"]
[Black "Belyakov, Bogdan"]
[Result "1-0"]
[WhiteTitle "GM"]
[BlackTitle "IM"]
[WhiteElo "2579"]
[BlackElo "2487"]
[WhiteFideId "108049"]
[BlackFideId "24104795"]
[EventDate "2016.12.29"]

1. c4 Nf6 2. Nc3 g6 3. e4 d6 4. g3 Bg7 5. Bg2 O-O 6. Nge2 c5 7. d3 Nc6 8. O-O
Ne8 9. Be3 Nd4 10. Qd2 Nc7 11. Bh6 Bh3 12. Bxg7 Kxg7 13. Nxd4 Bxg2 14. Nf5+ gxf5
15. Kxg2 fxe4 16. dxe4 Ne6 17. f4 Kh8 18. Ne2 Qb6 19. f5 Nd8 20. f6 e5 21. Nc3
Ne6 22. Nd5 Qa6 23. b3 b5 24. cxb5 Qxb5 25. Rf5 Rg8 26. Ne7 Qb7 27. Re1 Rg6 28.
Qxd6 Qb4 29. Re2 Nf4+ 30. Rxf4 exf4 31. Nxg6+ fxg6 32. Qe7 f3+ 33. Kxf3 Rg8 34.
f7 Qc3+ 35. Kg2 Qd4 36. fxg8=Q+ Kxg8 37. Rf2 Qg7 38. Qe8+ 1-0

[Event "World Blitz 2016"]
[Site "Doha QAT"]
[Date "2016.12.30"]
[Round "17.33"]
[White "Zhigalko, Sergei"]
[Black "Agdestein, Simen"]
[Result "1-0"]
[WhiteTitle "GM"]
[BlackTitle "GM"]
[WhiteElo "2671"]
[BlackElo "2602"]
[WhiteFideId "13502956"]
[BlackFideId "1500015"]
[EventDate "2016.12.29"]

1. e4 e5 2. Nf3 Nc6 3. Bc4 Nf6 4. Ng5 d5 5. exd5 Nxd5 6. Nxf7 Kxf7 7. Qf3+ Ke6
8. Nc3 Ne7 9. O-O c6 10. d4 Kd6 11. Bg5 Be6 12. Rfe1 exd4 13. Ne4+ Kc7 14. Qg3+
Kb6 15. Qb3+ Kc7 16. Qg3+ Kb6 17. Nd6 Qd7 18. a4 a5 19. Qe5 Ng6 20. Qxd4+ c5 21.
Qd3 Qxd6 22. Rad1 h6 23. Rxe6 Qxe6 24. Bxd5 Qd6 25. Qb3+ Ka7 26. Qxb7# 1-0

[Event "World Blitz 2016"]
[Site "Doha QAT"]
[Date "2016.12.30"]
[Round "17.34"]
[White "Atabayev, Maksat"]
[Black "Moiseenko, Alexander"]
[Result "0-1"]
[WhiteTitle "GM"]
[BlackTitle "GM"]
[WhiteElo "2492"]
[BlackElo "2657"]
[WhiteFideId "14001101"]
[BlackFideId "14102560"]
[EventDate "2016.12.29"]

1. d4 Nf6 2. Nf3 e6 3. c4 d5 4. Nc3 Bb4 5. a3 Bxc3+ 6. bxc3 O-O 7. e3 c5 8. Qc2
Nc6 9. Be2 Qc7 10. O-O dxc4 11. Bxc4 e5 12. Be2 Bg4 13. h3 Bh5 14. Bb2 e4 15.
Nh2 Bxe2 16. Qxe2 cxd4 17. cxd4 Ne7 18. Rfc1 Qd7 19. a4 Rfc8 20. Qd1 Ned5 21.
Nf1 Nb4 22. Qb3 Nd3 23. Rxc8+ Rxc8 24. Ng3 Qc6 25. Nf5 Qc2 26. Ne7+ Kh8 27. Qxc2
Rxc2 28. Ba3 Rxf2 29. Rb1 b6 30. a5 Ra2 31. axb6 axb6 32. Rxb6 h5 33. Bd6 Kh7
34. Bg3 Re2 35. Bh4 Rxe3 36. Bxf6 gxf6 37. Rxf6 Re1+ 38. Kh2 Kg7 39. Ra6 Rf1 40.
Ra5 e3 41. Ra2 Nc1 42. Rc2 e2 43. Nf5+ 0-1

[Event "World Blitz 2016"]
[Site "Doha QAT"]
[Date "2016.12.30"]
[Round "17.35"]
[White "Lalith, Babu M R"]
[Black "Jakovenko, Dmitry"]
[Result "1-0"]
[WhiteTitle "GM"]
[BlackTitle "GM"]
[WhiteElo "2587"]
[BlackElo "2704"]
[WhiteFideId "5024595"]
[BlackFideId "4122356"]
[EventDate "2016.12.29"]

1. d4 Nf6 2. c4 e6 3. Nf3 b6 4. g3 Ba6 5. b3 d5 6. cxd5 exd5 7. Bg2 Bb4+ 8. Bd2
Bxd2+ 9. Qxd2 Ne4 10. Qc2 O-O 11. O-O Re8 12. Re1 c5 13. Nbd2 Nc6 14. dxc5 bxc5
15. Nxe4 dxe4 16. Nd2 Nd4 17. Qb2 Nxe2+ 18. Kh1 Bd3 19. Rad1 Qa5 20. Nc4 Bxc4
21. bxc4 Nd4 22. Bxe4 Rab8 23. Qa1 g6 24. Kg2 Qa3 25. Re3 Qb2 26. Kf1 Kg7 27.
Qc1 Qxc1 28. Rxc1 Rb2 29. a3 f5 30. Bd5 Rxe3 31. fxe3 Nb3 32. Rd1 Rxh2 33. Bg2
Na5 34. Rd7+ Kf6 35. Kg1 Rh5 36. Bf3 Rg5 37. Kf2 Nxc4 38. Rxa7 Ne5 39. Be2 h5
40. a4 Ng4+ 41. Kf3 Ne5+ 42. Kf4 Nf7 43. Ra6+ Kg7 44. Ra7 Kh6 45. Rxf7 1-0

[Event "World Blitz 2016"]
[Site "Doha QAT"]
[Date "2016.12.30"]
[Round "17.36"]
[White "Svane, Rasmus"]
[Black "Al-Sayed, Mohammed"]
[Result "0-1"]
[WhiteTitle "GM"]
[BlackTitle "GM"]
[WhiteElo "2555"]
[BlackElo "2508"]
[WhiteFideId "4657101"]
[BlackFideId "12100196"]
[EventDate "2016.12.29"]

1. Nf3 d5 2. d4 Nf6 3. c4 c6 4. Nc3 e6 5. Bg5 dxc4 6. e4 b5 7. e5 h6 8. Bh4 g5
9. Bg3 Nh5 10. Be2 Nxg3 11. hxg3 Nd7 12. a4 Rb8 13. axb5 cxb5 14. Rxa7 Qb6 15.
Ra1 Be7 16. Qd2 Bb7 17. Kf1 b4 18. Nd1 Qc6 19. Ne3 c3 20. bxc3 bxc3 21. Qc2 h5
22. d5 exd5 23. Nd4 Qc5 24. e6 Qxd4 25. exd7+ Kxd7 26. Rd1 Qe5 27. Bf3 Ke8 28.
Bxd5 Bxd5 29. Rxd5 Qf6 30. Rf5 Qc6 31. Nd5 Qb5+ 32. Kg1 Qb1+ 33. Qxb1 Rxb1+ 34.
Kh2 Rxh1+ 35. Kxh1 c2 36. Re5 c1=Q+ 0-1

[Event "World Blitz 2016"]
[Site "Doha QAT"]
[Date "2016.12.30"]
[Round "17.37"]
[White "Banikas, Hristos"]
[Black "Atabayev, Yusup"]
[Result "1-0"]
[WhiteTitle "GM"]
[BlackTitle "IM"]
[WhiteElo "2568"]
[BlackElo "2473"]
[WhiteFideId "4202031"]
[BlackFideId "14001128"]
[EventDate "2016.12.29"]

1. Nf3 Nf6 2. d4 g6 3. g3 Bg7 4. Bg2 O-O 5. O-O d6 6. c4 Nbd7 7. Nc3 e5 8. h3
Re8 9. e4 c6 10. Re1 exd4 11. Nxd4 Nc5 12. Bf4 Nh5 13. Be3 Ne6 14. Qd2 Nxd4 15.
Bxd4 Be6 16. Bxg7 Nxg7 17. b3 Qa5 18. Rad1 Rad8 19. Nd5 Qxd2 20. Nf6+ Kh8 21.
Rxd2 Rf8 22. Red1 Ne8 23. Nxe8 Rfxe8 24. Rxd6 Rxd6 25. Rxd6 Kg7 26. c5 Kf6 27.
f4 Ke7 28. Kf2 f6 29. h4 a5 30. Rd4 Rd8 31. Ke3 Rxd4 32. Kxd4 Kd7 33. Bf1 f5 34.
Bd3 fxe4 35. Bxe4 a4 36. bxa4 Bxa2 37. Ke5 Ke7 38. a5 Bc4 39. g4 Be2 40. g5 Bc4
41. f5 Bf7 42. f6+ Kd7 43. h5 Be8 44. hxg6 hxg6 45. Bf3 Bf7 46. Bg4+ 1-0

[Event "World Blitz 2016"]
[Site "Doha QAT"]
[Date "2016.12.30"]
[Round "17.38"]
[White "Bindrich, Falko"]
[Black "Kozul, Zdenko"]
[Result "0-1"]
[WhiteTitle "GM"]
[BlackTitle "GM"]
[WhiteElo "2590"]
[BlackElo "2613"]
[WhiteFideId "4676670"]
[BlackFideId "14502879"]
[EventDate "2016.12.29"]

1. d4 Nf6 2. Nf3 g6 3. Bf4 d6 4. e3 Nh5 5. Bg5 h6 6. Bh4 g5 7. Bg3 Nd7 8. c4 Bg7
9. Nc3 Ndf6 10. Be2 c6 11. Qc2 a6 12. Nd2 Nxg3 13. hxg3 c5 14. dxc5 dxc5 15.
O-O-O Qc7 16. Bf3 g4 17. Be4 Be6 18. Bf5 Bxf5 19. Qxf5 e6 20. Qf4 Qxf4 21. gxf4
Ke7 22. Nde4 Nd7 23. f5 Rad8 24. fxe6 fxe6 25. Kc2 Rhf8 26. Rh4 Ne5 27. Rxd8
Kxd8 28. b3 b6 29. Ne2 Ke7 30. Nf4 b5 31. Nxc5 bxc4 32. Ncxe6 cxb3+ 33. axb3
Rc8+ 34. Kb1 Bf6 35. Rxh6 g3 36. fxg3 Ng4 37. Rh7+ Kd6 38. e4 Nf2 39. Rh6 Nxe4
40. Ng5 Nd2+ 41. Ka2 Rc2+ 42. Ka3 Ke5 43. Nd3+ Kf5 44. Nf3 Be7+ 45. b4 Nxf3 46.
gxf3 Rc3+ 47. Ka4 Rxd3 48. Rxa6 Rxf3 49. Ra7 Bf6 50. b5 Ke6 51. b6 Rf1 52. b7
Be5 53. Kb5 Rb1+ 54. Kc6 Rc1+ 55. Kb5 Kd5 56. Ra4 Bd6 57. Ka6 Bb8 58. g4 Kc6 59.
g5 Kd7 60. Rd4+ Kc7 61. Ra4 Rc6+ 62. Kb5 Rg6 63. Rc4+ Kxb7 64. Rc5 Bd6 65. Rf5
Kc7 66. Kc4 Kd7 67. Kd5 Ke7 68. Ke4 Bb4 69. Rb5 Bd2 70. Rb7+ Kf8 71. Rb5 Bxg5
72. Kf5 Rg7 73. Rb8+ Kf7 74. Rb7+ Be7 75. Ra7 Rg5+ 76. Kf4 Rb5 77. Ke4 Ke6 78.
Ra8 Rb4+ 79. Kd3 Kd5 80. Re8 Bf6 81. Rf8 Rb3+ 82. Kc2 Rb2+ 83. Kd3 Rb6 84. Rg8
Rb3+ 85. Kc2 Rf3 86. Ra8 Bd4 87. Rd8+ Kc4 88. Rc8+ Bc5 89. Rc7 Rf2+ 90. Kd1 Kd3
91. Ke1 Bd4 92. Rd7 Rf8 93. Rd6 Rg8 0-1

[Event "World Blitz 2016"]
[Site "Doha QAT"]
[Date "2016.12.30"]
[Round "17.39"]
[White "Jumabayev, Rinat"]
[Black "Salinas Herrera, Pablo"]
[Result "1-0"]
[WhiteTitle "GM"]
[BlackTitle "IM"]
[WhiteElo "2611"]
[BlackElo "2466"]
[WhiteFideId "13702661"]
[BlackFideId "3407128"]
[EventDate "2016.12.29"]

1. Nf3 d5 2. g3 c6 3. Bg2 Bg4 4. c4 e6 5. h3 Bh5 6. d4 Nf6 7. cxd5 exd5 8. Qb3
Qb6 9. Qe3+ Be7 10. Nh4 Bg6 11. Nc3 Qd8 12. O-O O-O 13. Nxg6 hxg6 14. Qd3 Nbd7
15. Rb1 a5 16. Bf4 Re8 17. Rfd1 Bf8 18. a3 a4 19. Qc2 Qa5 20. g4 Qa6 21. e3 Nb6
22. Bf1 Qa7 23. Be5 Nc8 24. Bxf6 gxf6 25. e4 dxe4 26. Nxe4 Bg7 27. Bc4 Nb6 28.
Nxf6+ Kf8 29. Nxe8 Rxe8 30. Ba2 Bf6 31. Re1 Rd8 32. Rbd1 Nd7 33. d5 c5 34. d6
Kg7 35. Re7 Ne5 36. Rc7 Qb6 37. Qe4 Rxd6 38. Rxd6 Qxd6 39. Rxb7 g5 40. Bd5 c4
41. Bxc4 Qd1+ 42. Kg2 Qd2 43. Qd5 Qf4 44. Rxf7+ Nxf7 45. Qxf7+ Kh6 46. Bd3 1-0

[Event "World Blitz 2016"]
[Site "Doha QAT"]
[Date "2016.12.30"]
[Round "17.40"]
[White "Tari, Aryan"]
[Black "Ghaem Maghami, Ehsan"]
[Result "1-0"]
[WhiteTitle "GM"]
[BlackTitle "GM"]
[WhiteElo "2584"]
[BlackElo "2574"]
[WhiteFideId "1510045"]
[BlackFideId "12500739"]
[EventDate "2016.12.29"]

1. e4 c6 2. d4 d5 3. e5 Bf5 4. h4 h6 5. g4 Bd7 6. Be3 e6 7. Nc3 h5 8. gxh5 Qc7
9. Nf3 a6 10. Bd3 c5 11. dxc5 Nc6 12. Qe2 Rc8 13. O-O-O Nxe5 14. Nxe5 Qxe5 15.
f4 Qxh5 16. Qf2 Nf6 17. Bd4 Ng4 18. Qg1 Nh6 19. Re1 Rg8 20. Re5 Qg4 21. Qf2 Be7
22. h5 Kd8 23. Be2 f6 24. Bxg4 Nxg4 25. Qg3 fxe5 26. Bxe5 Nxe5 27. fxe5 Kc7 28.
b4 Rcf8 29. Nxd5+ exd5 30. e6+ Kc8 31. exd7+ Kxd7 32. Rd1 Rf5 33. Qg6 Rgf8 34.
Qb6 Kc8 35. c6 bxc6 36. Qxc6+ Kb8 37. Qb6+ Kc8 38. Qxa6+ Kc7 39. Qa7+ Kd6 40.
Qc5+ 1-0

[Event "World Blitz 2016"]
[Site "Doha QAT"]
[Date "2016.12.30"]
[Round "17.41"]
[White "Tregubov, Pavel V."]
[Black "Aleksandrov, Aleksej"]
[Result "1/2-1/2"]
[WhiteTitle "GM"]
[BlackTitle "GM"]
[WhiteElo "2585"]
[BlackElo "2574"]
[WhiteFideId "4115341"]
[BlackFideId "13500139"]
[EventDate "2016.12.29"]

1. d4 Nf6 2. c4 e6 3. Nc3 d5 4. cxd5 exd5 5. Bg5 c6 6. e3 Bf5 7. Bd3 Bxd3 8.
Qxd3 Nbd7 9. Nge2 Be7 10. O-O O-O 11. f3 Re8 12. Rae1 Qb6 13. Bh4 Rad8 14. Bf2
Nf8 15. h3 Ne6 16. Qc2 Qa6 17. e4 dxe4 18. fxe4 Nd7 19. Be3 Nb6 20. b3 Qa5 21.
Rd1 Qh5 22. Ng3 Qg6 23. Nf5 Bb4 24. Rf3 Bf8 25. Rdf1 f6 26. h4 Qh5 27. Ne2 Qf7
28. a4 Qd7 29. a5 Nc8 30. e5 fxe5 31. dxe5 Ne7 32. Nd6 Nd5 33. Nxe8 Nxe3 34.
Rxe3 Bc5 35. Qe4 Qd2 36. Kh1 Qxe3 37. Qxe3 Bxe3 38. Nd6 b6 39. a6 Bc5 40. Nb7
Rd2 41. Nf4 Nxf4 42. Nxc5 bxc5 43. Rxf4 Rd7 44. Rc4 Rd5 45. b4 Rxe5 46. bxc5 Kf7
47. Rb4 Rxc5 48. Rb7+ Kf6 49. Rxa7 Ra5 1/2-1/2

[Event "World Blitz 2016"]
[Site "Doha QAT"]
[Date "2016.12.30"]
[Round "17.42"]
[White "Potapov, Pavel"]
[Black "Neelotpal, Das"]
[Result "1-0"]
[WhiteTitle "GM"]
[BlackTitle "GM"]
[WhiteElo "2493"]
[BlackElo "2463"]
[WhiteFideId "4169786"]
[BlackFideId "5003512"]
[EventDate "2016.12.29"]

1. e4 g6 2. Nc3 Bg7 3. h4 h5 4. d4 a6 5. Nf3 b5 6. Be3 Bb7 7. Bd3 d6 8. Ng5 Nd7
9. Qd2 c5 10. dxc5 Nxc5 11. a3 Nf6 12. Bxc5 dxc5 13. e5 Ng4 14. e6 f5 15. Nf7
Qc8 16. Nxh8 Qxe6+ 17. Qe2 Qxe2+ 18. Bxe2 Bxh8 19. O-O e6 20. Rfe1 Ke7 21. Bf3
Bxf3 22. gxf3 Ne5 23. Kg2 Rd8 24. Rad1 Rxd1 25. Nxd1 Nc4 26. c3 Bf6 27. Kg3 Be5+
28. f4 Bf6 29. Re2 Nb6 30. Ne3 Kd7 31. Rd2+ Kc7 32. f3 Be7 33. Re2 Bd6 34. Rd2
c4 35. Rg2 Nd7 36. Nc2 Nc5 37. Nd4 Kd7 38. Re2 Bc7 39. Rd2 Nd3 40. Ne2 Bd6 41.
Kg2 Ke7 42. Kg3 Kf7 43. b4 Ke7 44. a4 Kd7 45. Ra2 Kc6 46. axb5+ axb5 47. Ra6+
Kd5 48. Rb6 e5 49. Rxb5+ Kc6 50. Ra5 exf4+ 51. Kg2 Be5 52. Ra6+ Kb5 53. Rxg6 Ka4
54. Rg5 Kb3 55. b5 Bxc3 56. Nxc3 Kxc3 57. b6 Nc5 58. Rxf5 Nd7 59. b7 Kd4 60. Rf7
Nb8 61. Rf8 Na6 62. Ra8 1-0

[Event "World Blitz 2016"]
[Site "Doha QAT"]
[Date "2016.12.30"]
[Round "17.43"]
[White "Borisek, Jure"]
[Black "Kayumov, Sergey"]
[Result "1-0"]
[WhiteTitle "GM"]
[BlackTitle "GM"]
[WhiteElo "2561"]
[BlackElo "2505"]
[WhiteFideId "14603152"]
[BlackFideId "14200880"]
[EventDate "2016.12.29"]

1. e4 e5 2. Nf3 Nc6 3. Bb5 Nf6 4. d3 d6 5. O-O g6 6. d4 Bd7 7. d5 Ne7 8. Bxd7+
Qxd7 9. Re1 Bg7 10. c4 b6 11. Nc3 O-O 12. b4 a5 13. bxa5 Rxa5 14. a4 Rfa8 15.
Ba3 Qd8 16. Bb4 R5a6 17. Nd2 Nd7 18. Nb3 Nc5 19. Bxc5 dxc5 20. Nd2 Nc8 21. Nb5
Bf8 22. Nb1 Bd6 23. N1c3 Qg5 24. Qd3 h5 25. Rf1 Ra5 26. Kh1 Qf6 27. Rae1 Ne7 28.
Nxd6 cxd6 29. Rb1 R5a6 30. Qd2 Kg7 31. f4 exf4 32. Rxf4 Qe5 33. Rbf1 Rf8 34. Qc2
Ng8 35. Nb5 f5 36. Nc7 Raa8 37. Ne6+ Kh8 38. Nxf8 Rxf8 39. exf5 g5 40. R4f2 Nf6
41. Re2 Qd4 42. Re6 Rf7 43. Qe2 Ng4 44. h3 Nf6 45. Re1 Kg7 46. Rxd6 g4 47. Rxb6
Qc3 48. Re6 gxh3 49. Re3 Qd4 50. gxh3 Kh7 51. Rg1 Qf4 52. Rf3 Qc7 53. Qg2 Kh8
54. Qg6 Ne4 55. Qg8# 1-0

[Event "World Blitz 2016"]
[Site "Doha QAT"]
[Date "2016.12.30"]
[Round "17.44"]
[White "Anton Guijarro, David"]
[Black "Halkias, Stelios"]
[Result "1-0"]
[WhiteTitle "GM"]
[BlackTitle "GM"]
[WhiteElo "2650"]
[BlackElo "2585"]
[WhiteFideId "2285525"]
[BlackFideId "4201809"]
[EventDate "2016.12.29"]

1. Nf3 d5 2. b3 Nf6 3. Bb2 g6 4. c4 c6 5. g3 Bg7 6. Bg2 O-O 7. O-O Bg4 8. d3
Nbd7 9. Nbd2 Re8 10. d4 Bxf3 11. Nxf3 e6 12. e3 a5 13. Qc2 Qb6 14. Nd2 a4 15.
Bc3 Qa7 16. b4 Nb6 17. c5 Nbd7 18. Rab1 e5 19. b5 exd4 20. Bxd4 Nh5 21. Bh3 Nf8
22. bxc6 bxc6 23. Rb6 Bxd4 24. exd4 Qc7 25. Nf3 Re4 26. Rfb1 Rae8 27. Qxa4 Re2
28. Qxc6 Qe7 29. Ne5 f6 30. Rb7 fxe5 31. Rxe7 Rxe7 32. Qxd5+ Kh8 33. Rb8 Kg7 34.
c6 exd4 35. Qxd4+ Nf6 36. Rxf8 1-0

[Event "World Blitz 2016"]
[Site "Doha QAT"]
[Date "2016.12.30"]
[Round "17.45"]
[White "Adhiban, Baskaran"]
[Black "Hirneise, Jens"]
[Result "1-0"]
[WhiteTitle "GM"]
[BlackTitle "FM"]
[WhiteElo "2666"]
[BlackElo "2315"]
[WhiteFideId "5018471"]
[BlackFideId "24614734"]
[EventDate "2016.12.29"]

1. d4 Nf6 2. Nf3 g6 3. Bg5 Bg7 4. Nbd2 c5 5. dxc5 Qa5 6. c3 Qxc5 7. e4 d6 8. Be2
O-O 9. O-O Qc7 10. Nd4 Nc6 11. h3 Bd7 12. Re1 a6 13. a4 Rac8 14. Be3 e5 15. N4b3
Be6 16. a5 d5 17. Bb6 Qb8 18. Nc5 Ne7 19. Nxe6 fxe6 20. Bf1 Nd7 21. Be3 d4 22.
Bg5 Nc6 23. Bc4 Qd6 24. Nb3 h6 25. Bh4 Kh7 26. Bg3 Qe7 27. h4 Nd8 28. Qe2 dxc3
29. bxc3 Nc5 30. Nxc5 Qxc5 31. Ba2 Qxc3 32. h5 g5 33. Red1 Qc7 34. Rab1 Rf7 35.
Rb6 Nc6 36. Bxe6 Rcf8 37. Bxf7 Rxf7 38. Qc4 Qe7 39. Qd5 Nd4 40. Rdb1 Ne2+ 41.
Kh2 Nc3 42. Qd3 Nxb1 43. Qxb1 g4 44. Rg6 Rf6 45. Bh4 Qf7 46. Bxf6 Bxf6 47. Qd1
Bg5 48. Qxg4 Qxf2 49. Qd7+ 1-0

[Event "World Blitz 2016"]
[Site "Doha QAT"]
[Date "2016.12.30"]
[Round "17.46"]
[White "Quparadze, Giga"]
[Black "Quintiliano Pinto, Renato R."]
[Result "1-0"]
[WhiteTitle "IM"]
[BlackTitle "IM"]
[WhiteElo "2481"]
[BlackElo "2484"]
[WhiteFideId "13602250"]
[BlackFideId "2117568"]
[EventDate "2016.12.29"]

1. e4 c5 2. Nf3 d6 3. d4 cxd4 4. Nxd4 Nf6 5. Nc3 g6 6. Be3 Bg7 7. f3 O-O 8. Qd2
Nc6 9. Bc4 Bd7 10. Bb3 Rc8 11. O-O-O Nxd4 12. Bxd4 b5 13. Nd5 Nxd5 14. exd5 Bxd4
15. Qxd4 a5 16. a3 Rc5 17. Rhe1 Bf5 18. g4 a4 19. gxf5 axb3 20. c3 Rc4 21. Qe3
b4 22. axb4 Qa8 23. Kd2 Qxd5+ 24. Qd3 Qc6 25. Rxe7 Rh4 26. Re2 d5 27. fxg6 hxg6
28. Ke1 Re8 29. Kf1 d4 30. cxd4 Rxe2 31. Qxe2 Qc7 32. Kg1 Qd7 33. Qf2 Rf4 34.
Qe3 Rh4 35. Rd2 Qf5 36. d5 Rh5 37. d6 Qh3 38. d7 1-0